All Songs from Cytus - Statistics

General Stats
  • This quiz has been taken 3 times
  • The average score is 46 of 196
Answer Stats
Answer Hidden Charts % Correct
Area 184
100%
AREA 184 ~Platinum Mix~
100%
Chemical Star
100%
FREEDOM DiVE FREEDOM D↓VE
100%
L L2(ver.A), L2(ver.B)
100%
Libera me
100%
Light up my LOVE
100%
Saika彩華 Saika彩華 ver. B
100%
Ververg Ververg Ver.B
100%
Angelic Sphere
50%
AXION
50%
¡Azucar!
50%
Biotonic
50%
Black Lair
50%
Bloody Purity
50%
Blue Eyes
50%
CATASTROPHE
50%
CODE NAME : ZERO
50%
COMA
50%
conflict(YM2151 edit) conflict
50%
COSMO
50%
Cytus
50%
DINO
50%
Disaster
50%
Do Not Wake
50%
Dream(Chiptune Edit)
50%
DRG
50%
East West Wobble
50%
Endless Journey
50%
Entrance Precipitation at the Entrance, Precipitation at the Entrance II
50%
First Gate First Gate OVERDRIVE
50%
GARDENIA
50%
GATORIX
50%
GENESYS
50%
Green Eyes
50%
Halcyon
50%
Hay Fields ∞ Fields
50%
Hot Air Balloon
50%
In Memory of Maneo.
50%
Laplace
50%
LES PARFUMS DE CELEBREZ
50%
Loom
50%
LVBNR5 SCHWARZ
50%
LVBNR5 Weiß
50%
Magnolia Myosotis
50%
Masquerade
50%
New World
50%
Niflheimr
50%
Old Gold
50%
Operators
50%
Oriens
50%
Ø(SLIT) SLIT O, SLIT I
50%
Outsider
50%
Parousia
50%
Phubbing
50%
Precipitation Precipitation ver.B
50%
Q
50%
Qualia
50%
Recollections
50%
Red Eyes
50%
Retrospective
50%
REVOLUXIONIST
50%
SCHERZO
50%
Secret Garden
50%
Stardust Sphere
50%
STORIA
50%
Sweetness Overload!!
50%
The Beginning
50%
The Blocks We Loved
50%
The Cure of Sleep
50%
The Lost
50%
The New World
50%
The Red Coronation
50%
The Silence
50%
The Silence (The Quiet Cube Mix)
50%
The Way We Were
50%
Utopiosphere
50%
Vanessa
50%
Violet
50%
Warlords of Atlantis
50%
YURERO
50%
Zauberkugel
50%
Aboriginal
0%
Adventure ~ぼうけん~
0%
Afterglow
0%
Almighty
0%
A NEW HOME
0%
Another Me
0%
Aquatic Poseidon
0%
Ascension to the Upper
0%
Beyond
0%
Brionac ~Lugh Lamhfhata~
0%
Buried
0%
Chaotic Drive
0%
Chocological
0%
Choice
0%
CODE 03
0%
Colorful Skies
0%
DARKNESS
0%
Devil in Wonderland
0%
Diskord
0%
Dragon Warrior
0%
Dutch Formosa
0%
Empire of Japan
0%
Evil Force
0%
Fable
0%
Fantasy Hotel
0%
Fight With Your Devil
0%
Finite Circuit
0%
Forbidden Codex
0%
Future World
0%
Galaxy Collapse
0%
Gate of expectancy
0%
Halloween Party
0%
Hard Landing
0%
Hercule
0%
Her Sword
0%
Hey Wonder
0%
Holy Knight
0%
Hua Sui Yue
0%
Infernus
0%
I Race the Dawn
0%
Iris
0%
It's a Wonderful World
0%
Jump to the Future
0%
Just a Trip
0%
Knight of Firmament
0%
Landscape
0%
Les Parfums de L'Amour
0%
Let's Go on An Adventure
0%
Leviathan
0%
LNS OP
0%
Logical Steps
0%
Lord of Crimson Rose
0%
Majestic Phoenix
0%
Megaera
0%
Meteo - Mourn
0%
Meteor - Farewell
0%
Molto Allegro
0%
MONEY & MONEY
0%
Morpho
0%
Music. The Eternity of Us
0%
Musik
0%
Night Festival
0%
Nocturnal Type
0%
otome
0%
Penglaimovement
0%
Predawn
0%
Prismatic Lollipops
0%
Process
0%
Protest
0%
Quantum Labyrinth
0%
Rainbow Night Sky Highway
0%
Rain of Fire
0%
Rainy Memory
0%
Realize
0%
Rebirth
0%
Requiem
0%
Reverence
0%
Roar, On the deserted lands
0%
Sacred
0%
Sanctity
0%
Selfish Gene
0%
Set Free KIVΛ EDITION
0%
Shoot out
0%
Skuld
0%
Sleepless Jasmine
0%
Solar Wind
0%
Spectrum
0%
Steven Bites Time
0%
Sweetness and Love
0%
The Black Case
0%
The Devastated Lower
0%
The Fallen Bloom
0%
The Last Illusion
0%
Theme of Kingdom No.8
0%
The Purified
0%
The Revealed
0%
THE RICOCHET The Long Years
0%
The Riddle Story
0%
The Sacred Story
0%
The Sanctuary
0%
The Secret of Nightland
0%
The Spy's Name
0%
The Unrevealed
0%
Times Difference War
0%
To Further Dream
0%
Total Sphere
0%
Twenty One
0%
Undo
0%
Visions
0%
VitMaster
0%
VIVERE LA VITA
0%
Viz Awakened
0%
Where You Are Not
0%
Wings of Piano
0%
No matching quizzes found
Score Distribution
Percent of People with Each Score
Percentile by Number Answered
Your Score History
You have not taken this quiz